| 000 | 00466nam a2200169Ia 4500 | ||
|---|---|---|---|
| 005 | 20250508154524.0 | ||
| 008 | 008 250505s9999 xx 000 0 eng d | ||
| 037 | _aTextual | ||
| 040 |
_aFEDL _beng _cFEDL |
||
| 041 |
_aeng _2eng |
||
| 084 |
_a372.4, CON _qFEDL |
||
| 100 | _aConant James B | ||
| 245 | 0 | _aLearning to read : A report of a conference of reading experts | |
| 300 | _a31p. | ||
| 942 |
_cTEXL _h372.4, CON |
||
| 999 |
_c1350747 _d1350747 |
||